000 01220nam a2200301Ia 4500
001 ebr10178008
003 CaPaEBR
006 m u
007 cr cn|||||||||
008 060120s2007 enk sb 001 0 eng d
020 _z1850437599 (hbk.)
020 _z1850438862 (pbk.)
040 _aCaPaEBR
_cCaPaEBR
035 _a(OCoLC)159967622
050 1 4 _aPN1995.9.R4
_bW75 2007eb
082 0 4 _a791.43682
_222
100 1 _aWright, Melanie Jane,
_d1970-
245 1 0 _aReligion and film
_h[electronic resource] :
_ban introduction /
_cMelanie J. Wright.
260 _aLondon ;
_aNew York :
_bI.B. Tauris ;
_aNew York :
_bDistributed in the U.S. by Palgrave Macmillan,
_c2007.
300 _avi, 244 p.
504 _aIncludes bibliographical references and indexes.
533 _aElectronic reproduction.
_bPalo Alto, Calif. :
_cebrary,
_d2009.
_nAvailable via World Wide Web.
_nAccess may be limited to ebrary affiliated libraries.
650 0 _aReligion in motion pictures.
650 0 _aMotion pictures.
655 7 _aElectronic books.
_2local
710 2 _aebrary, Inc.
856 4 0 _uhttp://site.ebrary.com/lib/rucke/Doc?id=10178008
_zAn electronic book accessible through the World Wide Web; click to view
999 _c236631
_d236631